| 000 | 02797cam a22004814i 4500 | ||
|---|---|---|---|
| 003 | PE-LiUPU | ||
| 005 | 20250731165424.0 | ||
| 008 | 160128s2015 pe a grm 000 0 spa d | ||
| 035 | _a(Sirsi) a155842 | ||
| 040 |
_aPE-LiUPU _bspa _cPE-LiUPU _erda |
||
| 082 | 0 | 4 |
_a236.9 _bP43 T3 |
| 099 |
_aTT 3 _bP43 2015 |
||
| 100 | 1 |
_aPereira, Ezinaldo Ubirajara _eautor |
|
| 245 | 1 |
_aSalvación y juicio en Abdías: Análisis de la temática en al estructura del libro / _cEzinaldo Ubirajara Pereira. |
|
| 264 | 0 | _c2015. | |
| 300 |
_a79 hojas _c28.5 cm |
||
| 336 |
_atext _2rdacontent |
||
| 337 |
_aunmediated _2rdamedia |
||
| 338 |
_avolume _2rdacarrier |
||
| 502 |
_aTesis _b(Mg.) -- _cUniversidad Peruana Unión, _d2015. |
||
| 504 | _aIncluye bibliografía | ||
| 520 | 3 | _aEl propósito de esta investigación es descubrir si el juicio en el libro de Abdías contiene el doble sentido de salvación y condenación. Es de naturaleza exegética y bibliográfica, sobre la base de la fuente primaria del Texto Masorético de la Biblia Hebraica Stuttgartensia. También fueron examinadas las fuentes teológicas (tesis, comentarios bíblicos, diccionarios, libros, artículos denominacionales y académicos) sobre la temática del juicio con la perspectiva de salvación y condenación en la literatura profética del Antiguo Testamento, específicamente en el libro de Abdías. El estudio empieza con un análisis del juicio en su doble sentido (salvación y condenación) en la literatura teológica, para comprender e identificar cómo los autores desarrollan el tema en el contexto del Antiguo Testamento (AT), principalmente en Abdías. El análisis se concentra en texto de Abdías 1:1-4,8-18, como perícopas del libro que concentrase el tema de la investigación. Conclusión: El contenido de Abdías demuestra que el juicio es presentado con doble sentido: condenación o destrucción para la nación que persiguió a Judá en el cerco babilónico; asimismo salvación o vindicación para el pueblo de Dios (Judá) que clamaba por justicia. Así el anuncio del juicio, para el pueblo de Dios puede ser visto como "nuevas" (AB 1:1) y para el enemigo, como destrucción (Ab 1:15-18). | |
| 526 | _aSEG44 | ||
| 526 | _aSEG26 | ||
| 526 | _aP151 | ||
| 526 | _aP150 | ||
| 526 | _aP149 | ||
| 526 | _aP146 | ||
| 526 | _aP145 | ||
| 526 | _aP126 | ||
| 526 | _aP125 | ||
| 526 | _aP92 | ||
| 526 | _aP75 | ||
| 526 | _aP74 | ||
| 526 | _aP27 | ||
| 526 | _aP15 | ||
| 650 | 0 | 4 |
_aJuicio final _vTesis. |
| 630 | 0 | 4 |
_aBiblia _pA.T. _pAbdías _xComentarios _vTesis. |
| 650 | 0 | 4 | _a |
| 596 | _a1 | ||
| 942 |
_2ddc _cTESIS |
||
| 999 |
_aTT 3 P43 2015 _wALPHANUM _c8520 _iT01876 _d8520 _lCCODEBUL3 _mBUL _q1 _r1 _sY _tTESIS _u2016-1-28 _xPOSGRADO _PP85 _o.STAFF. Tesis |
||
| 980 |
_81 _gALBERTO SANCHEZ Responsable de Automatización |
||